The Times literary supplement index, 1902-1939.

Bibliographic Details
Format: Book
Language:English
Published: Reading, Eng. : Newspaper Archive Developments Ltd., 1978.
Subjects:

MARC

Tag First Indicator Second Indicator Subfields
LEADER 00000cam a2200000 i 4500
001 in00000372913
005 20151011094040.0
008 800609s1978 enk i 00000 eng d
035 |a (OCoLC)06398516 
035 |9 ABR0384AM 
040 |a MPC  |c MPC  |d OCL  |d TXA  |d UtOrBLW 
049 |a TXAM [Also in] [Micro]  |c 1  |v 1 [804419]  |v 2 [804420]  |a TXAI  |c 2  |v 1 [804421]  |v 2 [804422] 
090 |a AP4  |b .T452 Index, 1902-1939. 
092 |a 028.105  |b T 
245 0 4 |a The Times literary supplement index, 1902-1939. 
264 1 |a Reading, Eng. :  |b Newspaper Archive Developments Ltd.,  |c 1978. 
300 |a 2 volumes ;  |c 31 cm. 
336 |a text  |b txt  |2 rdacontent 
337 |a unmediated  |b n  |2 rdamedia 
338 |a volume  |b nc  |2 rdacarrier 
630 0 0 |a Times literary supplement  |x Indexes. 
650 0 |a Books  |v Reviews  |v Periodicals  |x Indexes. 
730 4 |a The Times (London, England) 
999 |a MARS 
999 f f |s 618243b1-93aa-3f44-ad35-835718ad9cbc  |i f68a866d-dd23-3de8-a88c-a42a5ed77389  |t 0 
952 f f |p 4_hour  |a Texas A&M University  |b College Station  |c Sterling C. Evans Library  |s Evans mtxt ref  |d Evans: Microforms Reference (3rd floor)  |t 0  |e AP4 .T452 Index 1902-1939.  |h Library of Congress classification  |i unmediated -- volume  |k v.2  |m A14807452043 
952 f f |p 4_hour  |a Texas A&M University  |b College Station  |c Sterling C. Evans Library  |s Evans mtxt ref  |d Evans: Microforms Reference (3rd floor)  |t 0  |e AP4 .T452 Index 1902-1939.  |h Library of Congress classification  |i unmediated -- volume  |k v.1  |m A14807452035 
998 f f |a AP4 .T452 Index 1902-1939.  |s v.1-2  |t 0  |l Evans: Microforms Reference (3rd floor)